A független algériai állam születése

Elmentve itt :
Bibliográfiai részletek
Szerző: J. Nagy László
Dokumentumtípus: Cikk
Megjelent: University of Szeged, Magyar Medievisztikai Kutatócsoport Szeged 2012
Sorozat:Acta Universitatis Szegediensis : acta historica 134
Kulcsszavak:Algéria története
Tárgyszavak:
Online Access:http://acta.bibl.u-szeged.hu/30510
LEADER 00788nab a2200205 i 4500
001 acta30510
005 20260128115155.0
008 161017s2012 hu o 000 hun d
022 |a 0324-6965 
040 |a SZTE Egyetemi Kiadványok Repozitórium  |b hun 
041 |a hun 
100 2 |a J. Nagy László 
245 1 2 |a A független algériai állam születése  |h [elektronikus dokumentum] /  |c  J. Nagy László 
260 |a University of Szeged, Magyar Medievisztikai Kutatócsoport  |b Szeged  |c 2012 
300 |a 177-191 
490 0 |a Acta Universitatis Szegediensis : acta historica  |v 134 
650 4 |a Bölcsészettudományok 
650 4 |a Történettudomány és régészet 
695 |a Algéria története 
856 4 0 |u http://acta.bibl.u-szeged.hu/30510/1/historica_134_177-191.pdf  |z Dokumentum-elérés